COMMERCIAL LAW AND PRACTICE (Record no. 43864)

MARC details
003 - CONTROL NUMBER IDENTIFIER
control field 0199355
005 - DATE AND TIME OF LATEST TRANSACTION
control field 20251016214624.0
008 - FIXED-LENGTH DATA ELEMENTS--GENERAL INFORMATION
fixed length control field 251016b |||||||| |||| 00| 0 eng d
020 ## - INTERNATIONAL STANDARD BOOK NUMBER
International Standard Book Number 97897895787351
040 ## - CATALOGING SOURCE
Transcribing agency Nile University of Noigeria, Abuja.
Description conventions rda
050 ## - LIBRARY OF CONGRESS CALL NUMBER
Classification number KP 127. A4
082 ## - DEWEY DECIMAL CLASSIFICATION NUMBER
Classification number KP 127. A4
100 ## - MAIN ENTRY--PERSONAL NAME
Personal name Alabo Eni Eja
Dates associated with a name 2021
245 ## - TITLE STATEMENT
Title COMMERCIAL LAW AND PRACTICE
260 ## - PUBLICATION, DISTRIBUTION, ETC. (IMPRINT)
Place of publication, distribution, etc Lagos
Name of publisher, distributor, etc Princeton
Date of publication, distribution, etc 2021
264 ## - PUBLICATION, DISTRIBUTION, ETC. (IMPRINT)
Place of publication, distribution, etc Lagos
Name of publisher, distributor, etc Princeton
Date of publication, distribution, etc 2021
300 ## - PHYSICAL DESCRIPTION
Other physical details xlvii, 1356pg., 40 cm
336 ## - CONTENT TYPE
Source rdacontent
338 ## - CARRIER TYPE
Source rdacarrier
942 ## - ADDED ENTRY ELEMENTS (KOHA)
Source of classification or shelving scheme Library of Congress Classification
Koha item type Books
Holdings
Withdrawn status Lost status Source of classification or shelving scheme Damaged status Not for loan Permanent Location Current Location Shelving location Date acquired Total Checkouts Full call number Barcode Date last seen Price effective from Koha item type
    Library of Congress Classification     Law Library Law Library Items on shelf 10/16/2025   KP 127.A4 0199355 10/16/2025 10/16/2025 Books